| 000 | 00936cam a22002174a 4500 | ||
|---|---|---|---|
| 005 | 20250605164307.0 | ||
| 008 | 250528s ||||||||||||||||||||||||d | ||
| 035 | _a22334 | ||
| 020 | _a9789604560820 | ||
| 040 |
_aGR-AtMCL _bgre _dGR-AtMCL _eAACR2 |
||
| 245 | 1 | _aΑΠΟ ΤΗ ΧΑΡΑΞΗ ΩΣ ΤΗΝ ΚΑΤΑΣΚΕΥΗ ΤΩΝ ΟΔΩΝ | |
| 250 | _a1 | ||
| 260 |
_bΖήτη, _c2008 |
||
| 300 | _a186 | ||
| 505 | 0 | _aΟΡΙΣΜΟΙ ΤΩΝ ΒΑΣΙΚΩΝ ΣΤΟΙΧΕΙΩΝ ΓΕΩΜΕΤΡΙΑ ΤΗΣ ΟΔΟΥ ΧΑΡΑΞΗ ΟΔΩΝ ΜΕΛΕΤΗ ΤΗΣ ΟΔΟΥ ΤΑ ΧΩΜΑΤΟΥΡΓΙΚΑ ΕΡΓΑ ΤΗΣ ΟΔΟΥ | |
| 520 | _aΟΡΙΣΜΟΙ ΤΩΝ ΒΑΣΙΚΩΝ ΣΤΟΙΧΕΙΩΝ ΓΕΩΜΕΤΡΙΑ ΤΗΣ ΟΔΟΥ ΧΑΡΑΞΗ ΟΔΩΝ ΜΕΛΕΤΗ ΤΗΣ ΟΔΟΥ ΤΑ ΧΩΜΑΤΟΥΡΓΙΚΑ ΕΡΓΑ ΤΗΣ ΟΔΟΥ | ||
| 700 | 1 |
_aΝτινης Ορεστης _98189 |
|
| 942 | _cBK | ||
| 999 |
_c7388 _d7388 |
||